| 000 | 00439nam a2200181Ia 4500 | ||
|---|---|---|---|
| 001 | 17242 | ||
| 005 | 20260306170410.0 | ||
| 008 | 260306t2018||||xx |||||||||||||| ||und|| | ||
| 041 | _aESP | ||
| 082 |
_a657.61 _bCH523 |
||
| 100 |
_aChapi Choque, Pedro Pablo _eAUT |
||
| 245 | 0 | _aNuevo plan contable gubernamental | |
| 260 | _c2018 | ||
| 300 |
_a628 páginas : _c21 cm. |
||
| 650 | _aGEN | ||
| 654 | _aCCO | ||
| 942 |
_cLIB _dJUS _fJUS _2ddc _n |
||
| 999 |
_c17242 _d17242 |
||